A-Z WW2? - Statistics

General Stats
  • This quiz has been taken 49 times
    48 since last reset
  • The average score is 10 of 26
Answer Stats
Hint Answer % Correct
N) The region where D-Day occured Normandy
79%
L) German AIrforce Luftwaffe
68%
W) Leader of Britain Winston Churchill
68%
H) German Blimp Crash That Ended the Era of the Airship Hindenberg
66%
F) Leader of Spain Francisco Franco
63%
O) DDays code name Overlord
63%
R) River in Germany Rhine
61%
C) What Nation Had the Sudetenland Czechoslovakia
55%
A) A Island Made of a Lagoon and Coral Atoll
53%
U) One of the beaches on dday Utah
50%
M) Island where Japan lost multiple carriers Midway
47%
B) What are the Flying Fortress and the Superfortress Bombers
39%
S) Beach on DDay Sword
37%
P) Where is Leyte Gulf Philippines
34%
V) VE Day Stand For Victory in Europe
34%
Y) Giant Japanese Battle Ship Yamato
26%
J) An Island, sea, and Battle in ww2 Java
24%
Q) What is this (A _____) I Couldn't think of anything for this so it's a freebee Quiz
24%
E) Most Decorated Carrier of WW2 Enterprise
21%
G) Company that merged with Northrop in 1994, and Created Multiple american war planes Grumman
21%
K) Japanese Carrier Starting With K Kaga
13%
Z) Japanese Carrier whos Sister Ship is Shokaku Zuikaku
13%
T) T-6 Texan
11%
D) TBD ____ Devastator
8%
I) Island where the flag was raised on the mountain Iwa Jima
8%
X) What Are Concept Planes Often Called Xplanes
8%
No matching quizzes found
Score Distribution
Percent of People with Each Score
Percentile by Number Answered
Your Score History
You have not taken this quiz since the last reset